| 000 | 00793 a2200241 4500 | ||
|---|---|---|---|
| 003 | IN-BaIIA | ||
| 005 | 20260507131140.0 | ||
| 008 | 260507b |||||||| |||| 00| 0 eng d | ||
| 020 | _a978-3-527-34554-0 | ||
| 040 | _cIIA Library | ||
| 080 |
_a530.145 _bCOH-II |
||
| 100 |
_aCohen-Tannoudji, Claude _920293 |
||
| 245 |
_aQuantum mechanics _bvol:II angular momentum, spin, and approximation methods _cClaude Cohen- Tannoudji,Bernard Diu,and Franck Laloe |
||
| 250 | _a2nd ed. | ||
| 260 |
_aWeinheim _bwiley-vch _c2020 |
||
| 300 | _axvii, 1589p. | ||
| 650 |
_aThe schwarz inequality _949364 |
||
| 650 |
_aAngularmomentum & Nottions _949365 |
||
| 650 |
_aThe postulates of Quantum Mechanics _949366 |
||
| 700 |
_aDiu, Bernard _949360 |
||
| 700 |
_aFranck Laloe _949367 |
||
| 942 |
_2udc _cBK |
||
| 999 |
_c36157 _d36157 |
||